| 000 | 00428 a2200157 4500 | ||
|---|---|---|---|
| 999 |
_c8362 _d8362 |
||
| 020 | _a0582613817 | ||
| 050 | _aPL8681 MAS 1982 | ||
| 100 |
_aMasocha, Willias, N. _eauthor |
||
| 245 |
_aDenhe roruzivo 2 / _cby Willias N. Masocha |
||
| 264 |
_aHarare: _bLongman, _c1982. |
||
| 300 | _a187p. : | ||
| 500 | _aIn Shona | ||
| 650 | _aShona language | ||
| 650 |
_aShona language _xStudy and teaching |
||
| 942 |
_2lcc _cBK _h8681.2 _iMAS _kPL |
||